000 00243nam a22001097a 4500
999 _c5048
_d5048
008 250516b ||||| |||| 00| 0 eng d
020 _a9781534524019
082 _a962.05 CAV
100 _aCAVELL,STEFFI
_eAUTHOR
245 _aEGYPT
942 _2ddc